000 00315nam a2200133Ia 4500
008 200103s9999||||xx |||||||||||||| ||und||
040 _aIMU-MPC
082 _aColumn-33
100 _aBallaney, P. L.
245 0 _aTheory of Machines
260 _bKhanna Publishers, Delhi
_c1985
300 _axvi, 1310
942 _cBK
999 _c7761
_d7761